[Event "IECG TG.2005.0.15485"]
[Site "IECG email"]
[Date "2005.10.01"]
[Round "2"]
[White "Bonansea, Martial"]
[Black "Himes, Dennis Paul"]
[Result "1-0"]
[WhiteElo "1390"]
[BlackElo "1472"]
[PlyCount "47"]
[EventDate "2005.10.01"]
[EventType "match (corr)"]
[EventRounds "2"]
[SourceTitle "Corr 2008"]
[Source "ChessBase"]
[SourceDate "2008.06.24"]
[SourceVersion "1"]
[SourceVersionDate "2008.06.24"]
[SourceQuality "1"]

1. c4 Nf6 2. Nc3 b6 3. e4 Bb7 4. e5 Ne4 5. Qg4 Nxc3 6. bxc3 g6 7. d4 Bg7 8. Nf3 d5 9. Ng5 h6 10. Nxf7 Kxf7 11. Bd3 g5 12. e6+ Kg8 13. 0-0 dxc4 14. Bxc4 c5 15. Qh5 Qf8 16. f4 Bf6 17. fxg5 Qg7 18. Rxf6 Be4 19. Qe8+ Kh7 20. Rxh6+ Qxh6 21. Qxe7+ Qg7 22. g6+ Kxg6 23. Qg5+ Kh7 24. Qh5+ 1-0